[Event "87o Campeonato Brasileiro Absoluto Final Aberta"]
[Site "Cuiaba MT"]
[Date "2021.11.01"]
[Round "7"]
[Board "40"]
[White "Santos, Marcus Vinicius Moreira"]
[Black "Ferreira, Thales Bond Dias"]
[Result "1/2-1/2"]
[WhiteElo "2375"]
[BlackElo "1805"]
[PlyCount "174"]
[EventDate "2021.10.28"]
[EventRounds "11"]
[EventCountry "BRA"]

1. Nf3 Nf6 2. c4 e6 3. g3 d5 4. Bg2 Be7 5. O-O O-O 6. b3 c6 7. Bb2 Nbd7 8. e3
b6 9. Nc3 Bb7 10. Qe2 Rc8 11. Rad1 Qc7 12. d3 c5 13. Ne1 Rfd8 14. f4 dxc4 15.
bxc4 Bxg2 16. Nxg2 Nb8 17. g4 Nc6 18. g5 Nd7 19. Ne4 Bf8 20. h4 Ne7 21. h5 Nf5
22. Qg4 a6 23. h6 g6 24. Qe2 Be7 25. Bc3 b5 26. cxb5 axb5 27. Ba1 Rf8 28. Qb2
f6 29. Qxb5 Nd6 30. Nxd6 Qxd6 31. Qb2 Rb8 32. Qc3 Nb6 33. e4 Qd4+ 34. Qxd4 cxd4
35. gxf6 Bxf6 36. e5 Be7 37. Bxd4 Nd5 38. Rb1 Ra8 39. Rf2 Ra4 40. Ba1 Bc5 41.
d4 Bxd4 42. Bxd4 Rxd4 43. Rb7 Rf7 44. Rxf7 Kxf7 45. Rb2 Nxf4 46. Rb7+ Kg8 47.
Rg7+ Kf8 48. Nxf4 Rxf4 49. Rxh7 Rg4+ 50. Kf2 Rh4 51. Kg3 Rh5 52. Kf4 Rf5+ 53.
Ke4 Rh5 54. Kd4 g5 55. Kc5 Kg8 56. Rg7+ Kf8 57. Rg6 Kf7 58. Rf6+ Ke7 59. Kd4 g4
60. Rg6 g3 61. Rxg3 Rxh6 62. Rg7+ Kf8 63. Ra7 Rh1 64. a4 Rd1+ 65. Ke4 Re1+ 66.
Kd4 Rd1+ 67. Kc5 Rd5+ 68. Kb6 Rxe5 69. a5 Re1 70. Rc7 Rb1+ 71. Ka7 Ra1 72. a6
Ke8 73. Rc6 Kd7 74. Rb6 Kc7 75. Rxe6 Ra2 76. Re3 Rc2 77. Re7+ Kc8 78. Ka8 Ra2
79. Re6 Rc2 80. Rb6 Rc1 81. Rb8+ Kc7 82. Rh8 Rb1 83. Rh7+ Kc8 84. Rb7 Ra1 85.
Ka7 Ra2 86. Rb5 Rc2 87. Rb8+ Kc7  1/2-1/2

[Event "87o Campeonato Brasileiro Absoluto Final Aberta"]
[Site "Cuiaba MT"]
[Date "2021.11.01"]
[Round "7"]
[Board "41"]
[White "Duailibi, Ricardo Miguel"]
[Black "Do Valle Cardoso, Lucas"]
[Result "0-1"]
[WhiteElo "1849"]
[BlackElo "2285"]
[PlyCount "66"]
[EventDate "2021.10.28"]
[EventRounds "11"]
[EventCountry "BRA"]

1. d4 Nf6 2. Bf4 g6 3. Nf3 Bg7 4. e3 O-O 5. Be2 d6 6. h3 Nbd7 7. Bh2 Qe8 8. O-O
e5 9. c4 Qe7 10. Nc3 c6 11. Qc2 Re8 12. Rfe1 h6 13. Rad1 Nh7 14. e4 Ng5 15. d5
Nxf3+ 16. Bxf3 c5 17. g4 Nf8 18. Bg3 Nh7 19. Rb1 h5 20. Kg2 hxg4 21. Bxg4 Rf8
22. Bxc8 Raxc8 23. h4 Nf6 24. Qe2 Nh5 25. Qg4 Kh7 26. Qf3 Bh6 27. Qg4 Qe8 28.
Qd1 f5 29. exf5 gxf5 30. Nb5 Qg6 31. Qc2 Rg8 32. Kh1 Qg4 33. Qe2 Qh3+  0-1

[Event "87o Campeonato Brasileiro Absoluto Final Aberta"]
[Site "Cuiaba MT"]
[Date "2021.11.01"]
[Round "7"]
[Board "42"]
[White "Ribeiro, Fabiano Pinto"]
[Black "Andrade, Roberto Luiz Costa"]
[Result "1/2-1/2"]
[WhiteElo "1831"]
[BlackElo "2060"]
[PlyCount "72"]
[EventDate "2021.10.28"]
[EventRounds "11"]
[EventCountry "BRA"]

1. e4 d6 2. c4 c5 3. d4 cxd4 4. Qxd4 Nc6 5. Qd1 Nf6 6. Nc3 g6 7. Nf3 Bg7 8. Be2
O-O 9. O-O Bd7 10. h3 Rc8 11. Rb1 Na5 12. e5 dxe5 13. Nxe5 Bf5 14. Ra1 Ne4 15.
Nxe4 Bxe5 16. Nd2 Bb8 17. Qa4 Qc7 18. Nf3 Be4 19. g3 Bxf3 20. Bxf3 Nxc4 21. Bf4
Nxb2 22. Qe4 Qc4 23. Bh6 Qxe4 24. Bxe4 Rfd8 25. Bxb7 Rc7 26. Bg2 Rcd7 27. Rab1
Be5 28. h4 Rd1 29. Rfxd1 Rxd1+ 30. Rxd1 Nxd1 31. Bd2 Bd4 32. Be1 Kg7 33. Bf3
Nc3 34. Bxc3 Bxc3 35. h5 Kh6 36. hxg6 hxg6  1/2-1/2

[Event "87o Campeonato Brasileiro Absoluto Final Aberta"]
[Site "Cuiaba MT"]
[Date "2021.11.01"]
[Round "7"]
[Board "43"]
[White "Dos Santos, Clecio Franca"]
[Black "Deus Filho, Joaquim De"]
[Result "0-1"]
[WhiteElo "2031"]
[BlackElo "1868"]
[PlyCount "100"]
[EventDate "2021.10.28"]
[EventRounds "11"]
[EventCountry "BRA"]

1. e4 c5 2. Nf3 d6 3. d4 cxd4 4. Nxd4 Nf6 5. Nc3 g6 6. f3 Bg7 7. Be3 Nc6 8. Qd2
O-O 9. O-O-O a6 10. h4 h5 11. Be2 Nxd4 12. Bxd4 Be6 13. Nd5 Bxd5 14. exd5 Qd7
15. Kb1 Qf5 16. Bc3 Rfc8 17. g4 hxg4 18. fxg4 Qd7 19. Bd4 Qa4 20. Bf3 Rc7 21.
g5 Ne8 22. Bxg7 Nxg7 23. h5 Rac8 24. Rh2 Rxc2 25. Qxc2 Rxc2 26. Rxc2 Nxh5 27.
Rh1 Qd4 28. a3 Qd3 29. Bxh5 gxh5 30. Re1 Kf8 31. Ree2 Qd1+ 32. Ka2 Qxd5+ 33.
Ka1 Qxg5 34. Rg2 Qf5 35. Rc1 e5 36. Rh1 d5 37. Rgh2 d4 38. Rxh5 Qe4 39. Rf1 Ke7
40. Rhf5 Qd5 41. Re1 f6 42. Ref1 Qe6 43. Rh5 e4 44. Rh7+ Kd6 45. Rxb7 Ke5 46.
Rc7 e3 47. Kb1 Ke4 48. Kc1 d3 49. Kb1 e2 50. Re1 Ke3  0-1

[Event "87o Campeonato Brasileiro Absoluto Final Aberta"]
[Site "Cuiaba MT"]
[Date "2021.11.01"]
[Round "7"]
[Board "44"]
[White "Dantas, Neimar De Oliveira"]
[Black "Pessoa, Marcio De Souza"]
[Result "1-0"]
[WhiteElo "2030"]
[BlackElo "1818"]
[PlyCount "139"]
[EventDate "2021.10.28"]
[EventRounds "11"]
[EventCountry "BRA"]

1. d4 f5 2. Nf3 d5 3. c4 e6 4. g3 Nf6 5. Bg2 c6 6. Qc2 Bd6 7. O-O O-O 8. b3 Qe7
9. Nbd2 a5 10. Ne5 Bd7 11. Ndf3 Be8 12. Bd2 Ne4 13. Ne1 Nd7 14. N1d3 Nxd2 15.
Qxd2 Nxe5 16. Nxe5 g5 17. f4 g4 18. c5 Bc7 19. a3 Kg7 20. e3 h5 21. h4 gxh3 22.
Bxh3 Bxe5 23. fxe5 Qg5 24. Kh2 Bg6 25. Qf2 Rh8 26. Qf4 Qe7 27. Qh4 Qf7 28. Rf4
Raf8 29. Qg5 Rh6 30. Rh4 Kh7 31. Rf1 Qg7 32. Bg2 Rg8 33. Bf3 Qf8 34. Qf4 Be8
35. Be2 Qg7 36. Rf2 Rh8 37. Kg1 Kg8 38. Rfh2 Rg6 39. Kf2 Rg5 40. Qf3 Bf7 41.
Qg2 Kf8 42. R2h3 Ke7 43. Qh1 Rg8 44. Qh2 Rg4 45. Qg2 Rxh4 46. Rxh4 Qg5 47. Qf3
Qh6 48. Qf4 Rg5 49. Qf3 Rg4 50. Qh1 Qg5 51. Bxg4 fxg4 52. Qd1 Qf5+ 53. Kg1 Qe4
54. Qe1 Bg6 55. b4 Qd3 56. Rh2 Qxa3 57. bxa5 Be4 58. Rxh5 Kd7 59. Qd2 Kc7 60.
Rh4 Bf3 61. Kf2 Kb8 62. Rh6 Qa1 63. a6 Qxa6 64. Rxe6 Qa1 65. Rh6 Qb1 66. Rh8+
Kc7 67. Qa5+ Kd7 68. Qd8+ Ke6 69. Qf6+ Kd7 70. Qd6#  1-0

[Event "87o Campeonato Brasileiro Absoluto Final Aberta"]
[Site "Cuiaba MT"]
[Date "2021.11.01"]
[Round "7"]
[Board "45"]
[White "Aoyama, Edmundo"]
[Black "Bandeira, Tarciano"]
[Result "1-0"]
[WhiteElo "1824"]
[BlackElo "2026"]
[PlyCount "121"]
[EventDate "2021.10.28"]
[EventRounds "11"]
[EventCountry "BRA"]

1. d4 Nf6 2. Bg5 d5 3. e3 c5 4. Bxf6 exf6 5. Nf3 Nc6 6. Be2 Bd6 7. O-O Bg4 8.
dxc5 Bxc5 9. Nc3 Be6 10. Nb5 O-O 11. c3 Re8 12. Qa4 Qb6 13. Qc2 a6 14. Nbd4
Rac8 15. Rad1 Ne5 16. Nxe6 fxe6 17. Nxe5 fxe5 18. Rd2 Rf8 19. Qd1 Rf6 20. b4
Bd6 21. c4 Bxb4 22. Rb2 Qc5 23. Qb1 a5 24. a3 Bxa3 25. Rxb7 Bb4 26. Rb5 Qc6 27.
cxd5 exd5 28. Qb3 Rd6 29. e4 Qc2 30. Bd1 Qxe4 31. Bf3 Qd4 32. Bxd5+ Kf8 33. Qh3
Rcd8 34. Be6 Qd3 35. Qxd3 Rxd3 36. Rxe5 a4 37. g3 a3 38. Bc4 R3d4 39. Bb3 Rd3
40. Bc4 R3d6 41. Kg2 Bc3 42. Re3 Bb2 43. Rfe1 Ra8 44. Rf3+ Rf6 45. Rxf6+ Bxf6
46. Re2 Rc8 47. Ba2 Rc3 48. Bd5 Be7 49. Re4 Ke8 50. Ra4 Kd7 51. g4 Kd6 52. Bg8
h6 53. h3 Kc5 54. Ra8 Kd4 55. Ra7 Bf6 56. h4 Kd3 57. g5 Bd4 58. Ra4 hxg5 59.
hxg5 Bc5 60. Ra5 Rc2 61. Bh7+  1-0

[Event "87o Campeonato Brasileiro Absoluto Final Aberta"]
[Site "Cuiaba MT"]
[Date "2021.11.01"]
[Round "7"]
[Board "46"]
[White "Nunes, Gustavo Morais"]
[Black "Cavalcante, Rodrigo Moreira"]
[Result "1-0"]
[WhiteElo "1819"]
[BlackElo "1964"]
[PlyCount "43"]
[EventDate "2021.10.28"]
[EventRounds "11"]
[EventCountry "BRA"]

1. d4 d5 2. c4 c6 3. Nf3 Nf6 4. g3 dxc4 5. Bg2 b5 6. Ne5 Bb7 7. O-O Qc8 8. a4
e6 9. b3 cxb3 10. Qxb3 a6 11. Ba3 Nbd7 12. Rc1 Nxe5 13. dxe5 Nd5 14. Bxd5 exd5
15. Bxf8 Kxf8 16. Qb4+ Kg8 17. Qe7 h6 18. Nd2 Kh7 19. Nb3 Rb8 20. axb5 axb5 21.
Ra7 Qe8 22. Rxb7  1-0

[Event "87o Campeonato Brasileiro Absoluto Final Aberta"]
[Site "Cuiaba MT"]
[Date "2021.11.01"]
[Round "7"]
[Board "47"]
[White "Jenidarchiche, Douglas Rodrigo"]
[Black "Castro Silva, Alex"]
[Result "1/2-1/2"]
[WhiteElo "1815"]
[BlackElo "1961"]
[PlyCount "142"]
[EventDate "2021.10.28"]
[EventRounds "11"]
[EventCountry "BRA"]

1. d4 Nf6 2. c4 e6 3. Nf3 b6 4. a3 Bb7 5. Nc3 Be7 6. Qc2 c5 7. e4 cxd4 8. Nxd4
d6 9. Be2 O-O 10. Be3 Nbd7 11. O-O d5 12. exd5 exd5 13. Bf3 Ne5 14. Bxd5 Bxd5
15. Nxd5 Nxd5 16. cxd5 Qxd5 17. Rad1 Qc4 18. Qf5 Bf6 19. h4 Qc8 20. Bg5 Qxf5
21. Nxf5 Bxg5 22. hxg5 Rad8 23. f4 Nc4 24. Ne7+ Kh8 25. Nc6 Rde8 26. Rf2 Ne3
27. Re1 Ng4 28. Rfe2 Rxe2 29. Rxe2 a5 30. g3 h5 31. gxh6 Nxh6 32. Ne5 Rd8 33.
Kf2 Rd4 34. Nf3 Ng4+ 35. Kg2 Rd7 36. Kh3 Nf6 37. g4 Rd3 38. Kg3 Rb3 39. f5 g5
40. fxg6 fxg6 41. Kf4 Nd5+ 42. Ke5 Ne3 43. Kf6 Nd5+ 44. Ke5 Rxf3 45. Kxd5 Kg7
46. g5 Kf7 47. Kc6 Rb3 48. Rf2+ Kg7 49. Kc7 b5 50. Kb6 Rg3 51. Kxa5 Rxg5 52.
Kb4 Re5 53. b3 g5 54. Kc3 Kg6 55. Kd4 Re1 56. Kc5 Re3 57. Kb4 g4 58. a4 bxa4
59. bxa4 Kg5 60. a5 g3 61. Rg2 Kg4 62. a6 Kf3 63. Ra2 Re8 64. Kb5 g2 65. Ra1
Kf2 66. a7 Re5+ 67. Kc6 Re8 68. Kb7 Re7+ 69. Kb8 Rxa7 70. Kxa7 g1=Q 71. Rxg1
Kxg1  1/2-1/2

[Event "87o Campeonato Brasileiro Absoluto Final Aberta"]
[Site "Cuiaba MT"]
[Date "2021.11.01"]
[Round "7"]
[Board "48"]
[White "Cruz, Natan Gomes"]
[Black "Cella, Glaucio Dalla Cortt"]
[Result "0-1"]
[WhiteElo "1815"]
[BlackElo "1961"]
[PlyCount "76"]
[EventDate "2021.10.28"]
[EventRounds "11"]
[EventCountry "BRA"]

1. d4 Nf6 2. Bg5 e6 3. Nd2 h6 4. Bh4 g5 5. Bg3 Nh5 6. Be5 Ng7 7. Ne4 f5 8. Bf6
Be7 9. Bxg7 Rh7 10. Be5 d6 11. Bxd6 cxd6 12. Nc3 Qb6 13. Rb1 Nd7 14. e3 Nf6 15.
Bc4 Bd7 16. Bb3 Bc6 17. f3 Kd7 18. Qd3 d5 19. Nge2 g4 20. fxg4 Nxg4 21. Nf4 Rg7
22. g3 Nf6 23. Qe2 Rg5 24. Nd3 Bd6 25. Na4 Bxa4 26. Bxa4+ Ke7 27. c3 Ne4 28.
Nf2 Nxc3 29. bxc3 Qxb1+ 30. Bd1 Rc8 31. O-O Qb6 32. Bb3 Rxc3 33. Nh3 Rg7 34.
Qh5 Rxe3 35. Rd1 Bxg3 36. Kh1 Re1+ 37. Rxe1 Bxe1 38. Qd1 Bc3  0-1

[Event "87o Campeonato Brasileiro Absoluto Final Aberta"]
[Site "Cuiaba MT"]
[Date "2021.11.01"]
[Round "7"]
[Board "49"]
[White "Lima, Vinicius Taishun"]
[Black "Cilento, Lucas Geraldo"]
[Result "1-0"]
[WhiteElo "1788"]
[BlackElo "1952"]
[PlyCount "145"]
[EventDate "2021.10.28"]
[EventRounds "11"]
[EventCountry "BRA"]

1. e4 c5 2. Nf3 a6 3. Nc3 e6 4. d4 cxd4 5. Nxd4 Nc6 6. Nxc6 bxc6 7. e5 Ne7 8.
Bd3 Ng6 9. Qe2 Qc7 10. f4 d5 11. O-O c5 12. b3 Be7 13. Nd1 Bb7 14. c4 dxc4 15.
Bxc4 Nh4 16. Ne3 g6 17. Bb2 Qc6 18. Rad1 Nf5 19. Nxf5 gxf5 20. Rf3 Rg8 21. Rg3
Rxg3 22. hxg3 Rd8 23. Rxd8+ Bxd8 24. Bc3 Kd7 25. Kh2 Kc8 26. Qd2 Bc7 27. Bf1
Bb6 28. Qd1 c4 29. bxc4 Qc5 30. Be2 Qf2 31. Qf1 Qc5 32. Bh5 Qa3 33. Bxf7 Qxc3
34. Bxe6+ Kb8 35. Bxf5 Qd2 36. Bxh7 Bf2 37. e6 Qe3 38. Qd3 Bxg3+ 39. Kh3 Bxg2+
40. Kxg2 Qf2+ 41. Kh3 Qh2+ 42. Kg4 Qh4+ 43. Kf3 Qxf4+ 44. Ke2 Qg4+ 45. Kd2 Bf4+
46. Kc2 Qg2+ 47. Kb3 Qb7+ 48. Kc3 Be5+ 49. Kc2 Qg2+ 50. Qd2 Qxd2+ 51. Kxd2 Bf6
52. Kd3 Kc7 53. c5 Be7 54. Kd4 Bf6+ 55. Kd5 Be7 56. Be4 Bf6 57. Kc4 Bh4 58. Kb4
Be7 59. Bd3 Kc6 60. Be4+ Kc7 61. a4 Bf8 62. Ka5 Bxc5 63. Kxa6 Kd6 64. Kb5 Be3
65. Bd5 Bg5 66. Bb3 Kc7 67. Kc5 Be3+ 68. Kd5 Bf2 69. Bc4 Bh4 70. Bb5 Be7 71.
Ke5 Kb6 72. Kf5 Kc7 73. Kg6  1-0

[Event "87o Campeonato Brasileiro Absoluto Final Aberta"]
[Site "Cuiaba MT"]
[Date "2021.11.01"]
[Round "7"]
[Board "50"]
[White "Pomar, Marcelo Nascimento"]
[Black "Lima, Carlos Eduardo I De Araujo"]
[Result "1-0"]
[WhiteElo "1947"]
[BlackElo "1815"]
[PlyCount "97"]
[EventDate "2021.10.28"]
[EventRounds "11"]
[EventCountry "BRA"]

1. e4 d6 2. d4 Nd7 3. g3 g6 4. Bg2 Bg7 5. Nc3 c5 6. Nge2 cxd4 7. Nxd4 Qb6 8.
Nb3 Ngf6 9. O-O h5 10. Bg5 a5 11. a4 O-O 12. h3 Re8 13. Qe2 Qa6 14. Qxa6 Rxa6
15. Nb5 Rd8 16. Rad1 b6 17. N3d4 Bb7 18. Nc7 Rc8 19. Nxa6 Bxa6 20. Rfe1 e5 21.
Bxf6 Nxf6 22. Nb5 Bxb5 23. axb5 Bf8 24. c3 g5 25. f3 Nd7 26. Kf2 a4 27. Ra1 Nc5
28. Red1 Rd8 29. Bf1 Be7 30. Bd3 Kg7 31. Bc2 Ra8 32. Ke3 Ra5 33. c4 h4 34. gxh4
gxh4 35. Ra2 Ra8 36. Rda1 Bg5+ 37. Kf2 Kg6 38. Bxa4 Rg8 39. Bc2 Ne6 40. Ra8 Rg7
41. Rb8 Nd4 42. Bd1 Bf4 43. Rxb6 Kf6 44. c5 Bh2 45. Rxd6+ Ke7 46. Ra7+ Ke8 47.
Rb6 Bg1+ 48. Kf1 Be3 49. Rb8#  1-0

[Event "87o Campeonato Brasileiro Absoluto Final Aberta"]
[Site "Cuiaba MT"]
[Date "2021.11.01"]
[Round "7"]
[Board "51"]
[White "Nascimento, Davi De Araujo"]
[Black "Peixoto, Rudson Marinho"]
[Result "1/2-1/2"]
[WhiteElo "1628"]
[BlackElo "1945"]
[PlyCount "156"]
[EventDate "2021.10.28"]
[EventRounds "11"]
[EventCountry "BRA"]

1. e4 c5 2. Nc3 g6 3. g3 Bg7 4. Nge2 Nc6 5. Bg2 Nf6 6. O-O O-O 7. d3 e6 8. Be3
d6 9. h3 a6 10. f4 Nd7 11. Qd2 Nd4 12. Nd1 f5 13. c3 Nc6 14. Nf2 Qc7 15. Rfd1
e5 16. d4 exd4 17. cxd4 c4 18. Rac1 Qa5 19. Qxa5 Nxa5 20. e5 Re8 21. Bd2 Nc6
22. Rxc4 Nb6 23. Rxc6 bxc6 24. Bxc6 Bd7 25. Bxa8 Rxa8 26. Rc1 Ra7 27. Bb4 dxe5
28. dxe5 Nd5 29. Bd6 Rb7 30. b3 h6 31. Nd4 g5 32. Rc5 Ne3 33. Rc7 Rxc7 34. Bxc7
gxf4 35. gxf4 Nd5 36. e6 Be8 37. Be5 Nxf4 38. Bxg7 Kxg7 39. Nxf5+ Kf6 40. Nxh6
Ne2+ 41. Kf1 Nc1 42. Ne4+ Kxe6 43. Nc3 Ke5 44. Ke1 Nd3+ 45. Kd2 Nf4 46. Ng4+
Kf5 47. Nf2 Bc6 48. Ke3 Bg2 49. h4 Bb7 50. b4 Ng2+ 51. Kd4 Nxh4 52. Kc5 Bg2 53.
Kb6 Bf1 54. Nd5 Ke5 55. Nc7 Nf5 56. Nxa6 Nd4 57. Nc5 Kd5 58. a4 Kc4 59. a5 Kxb4
60. Nfd3+ Kc4 61. a6 Nb5 62. Ne5+ Kb4 63. Nc6+ Kc4 64. Nb7 Kd5 65. Nb4+ Ke6 66.
Nc5+ Kd6 67. Nbd3 Nc7 68. Nb7+ Kd7 69. Ndc5+ Kc8 70. Nd6+ Kd8 71. a7 Bg2 72.
Nce4 Kd7 73. Kc5 Na8 74. Nf6+ Kc7 75. Nd5+ Bxd5 76. Kxd5 Kb6 77. Nc8+ Kb7 78.
Nd6+ Kxa7  1/2-1/2

[Event "87o Campeonato Brasileiro Absoluto Final Aberta"]
[Site "Cuiaba MT"]
[Date "2021.11.01"]
[Round "7"]
[Board "52"]
[White "Arruda Filho, Ivo Pereira De"]
[Black "Zakowicz, Rafael"]
[Result "1-0"]
[WhiteElo "1718"]
[BlackElo "1932"]
[PlyCount "71"]
[EventDate "2021.10.28"]
[EventRounds "11"]
[EventCountry "BRA"]

1. Nf3 d5 2. d4 e6 3. Bf4 Nf6 4. h3 Bb4+ 5. c3 Bd6 6. Ne5 O-O 7. e3 Ne4 8. Be2
f6 9. Nd3 e5 10. Bh2 Nc6 11. O-O Be6 12. Nd2 Nxd2 13. Qxd2 e4 14. Nf4 Bf7 15.
Bb5 Ne7 16. Ne2 c6 17. Bxd6 Qxd6 18. Ba4 f5 19. Rac1 Qh6 20. Bb3 Kh8 21. c4 g5
22. cxd5 cxd5 23. Rc7 Ng6 24. Qb4 Nh4 25. Rxb7 Nf3+ 26. Kh1 f4 27. Rxf7 Rxf7
28. Bxd5 g4 29. Bxa8 Qa6 30. gxf3 exf3 31. Bxf3 gxf3 32. Qb8+ Kg7 33. Rg1+ Kh6
34. Nxf4 Qf6 35. Qg8 Qf5 36. Qg4  1-0

[Event "87o Campeonato Brasileiro Absoluto Final Aberta"]
[Site "Cuiaba MT"]
[Date "2021.11.01"]
[Round "7"]
[Board "53"]
[White "Goetten Wagner, Julia"]
[Black "Felicio, Leonardo Demetrio De F."]
[Result "0-1"]
[WhiteElo "1606"]
[BlackElo "1896"]
[PlyCount "134"]
[EventDate "2021.10.28"]
[EventRounds "11"]
[EventCountry "BRA"]

1. e4 c5 2. Nf3 g6 3. d4 cxd4 4. Qxd4 Nf6 5. Nc3 Nc6 6. Qa4 d6 7. e5 dxe5 8.
Nxe5 Qd4 9. Nxc6 Qxa4 10. Nxa4 bxc6 11. Be3 e5 12. Bc4 Nd5 13. Bc5 Bxc5 14.
Nxc5 Ke7 15. O-O-O Rd8 16. Rhe1 f6 17. Bb3 Bf5 18. Rd4 Kd6 19. Rc4 Rab8 20. Rd1
Rb5 21. Na6 Ra5 22. Nb4 Rc5 23. Rh4 g5 24. Rh6 Ke7 25. Nd3 Rb5 26. g4 Bg6 27.
h4 Nf4 28. hxg5 fxg5 29. Nxf4 Rxd1+ 30. Kxd1 gxf4 31. Bg8 Rxb2 32. Bxh7 Bxh7
33. Rxh7+ Kf6 34. Rxa7 e4 35. a4 Ra2 36. a5 f3 37. Ra8 Kg5 38. a6 e3 39. fxe3
Ra1+ 40. Kd2 f2 41. Rg8+ Kh6 42. a7 f1=Q 43. a8=Q Rxa8 44. Rxa8 Qg2+ 45. Kc3
Qxg4 46. Rh8+ Kg7 47. Rh1 Qe4 48. Rg1+ Kf6 49. Rf1+ Ke5 50. Rd1 Qxe3+ 51. Rd3
Qc5+ 52. Kd2 Ke4 53. Rb3 Qf2+ 54. Kc1 c5 55. Kb1 c4 56. Rb8 Kd4 57. Kb2 c3+ 58.
Ka1 Ke3 59. Kb1 Qf1+ 60. Ka2 Kd2 61. Rh8 Qa6+ 62. Kb3 Qb5+ 63. Ka3 Qb2+ 64. Ka4
Qxc2+ 65. Kb4 Qb2+ 66. Kc4 Qa2+ 67. Kd4 c2  0-1

[Event "87o Campeonato Brasileiro Absoluto Final Aberta"]
[Site "Cuiaba MT"]
[Date "2021.11.01"]
[Round "7"]
[Board "54"]
[White "Cabral Teske, Luiz Fernando"]
[Black "Ribeiro Carrico, Victor Hugo"]
[Result "0-1"]
[WhiteElo "1894"]
[BlackElo "1791"]
[PlyCount "38"]
[EventDate "2021.10.28"]
[EventRounds "11"]
[EventCountry "BRA"]

1. e4 e5 2. Nf3 Nc6 3. Bc4 Nf6 4. d3 Bc5 5. c3 d6 6. O-O a6 7. a4 Ba7 8. Re1
Ng4 9. Re2 Qf6 10. h3 h5 11. Nbd2 g5 12. Qe1 Nb4 13. cxb4 Nxf2 14. Rxf2 g4 15.
Kf1 g3 16. Re2 h4 17. Nb3 Bxh3 18. Bg5 Qxf3+ 19. Rf2 Bxg2+  0-1

[Event "87o Campeonato Brasileiro Absoluto Final Aberta"]
[Site "Cuiaba MT"]
[Date "2021.11.01"]
[Round "7"]
[Board "55"]
[White "Pironti, Francisco Ferrari"]
[Black "Cardoso, Marcio De Lucca"]
[Result "1/2-1/2"]
[WhiteElo "1499"]
[BlackElo "1892"]
[PlyCount "66"]
[EventDate "2021.10.28"]
[EventRounds "11"]
[EventCountry "BRA"]

1. e4 c5 2. Nf3 e6 3. d4 cxd4 4. Nxd4 a6 5. Bd3 Nf6 6. O-O d6 7. c4 Be7 8. Nc3
O-O 9. Be3 Nbd7 10. f4 Qc7 11. Qe2 b6 12. Rac1 Bb7 13. a4 Rac8 14. h3 Rfe8 15.
g4 g6 16. f5 exf5 17. gxf5 Bf8 18. fxg6 hxg6 19. Qf2 Bg7 20. Nd5 Bxd5 21. cxd5
Qb7 22. Nc6 b5 23. Bd4 Ne5 24. Bxe5 dxe5 25. Qh4 Qd7 26. Rxf6 Bxf6 27. Qxf6
Qxh3 28. Rc2 Rxc6 29. Qxc6 Qg3+ 30. Rg2 Qe3+ 31. Rf2 Qg3+ 32. Rg2 Qe3+ 33. Kh2
Qh6+  1/2-1/2

[Event "87o Campeonato Brasileiro Absoluto Final Aberta"]
[Site "Cuiaba MT"]
[Date "2021.11.01"]
[Round "7"]
[Board "56"]
[White "Farias, Igor Borge Cardoso"]
[Black "Da Rosa, Henrique Jaze Simoes"]
[Result "0-1"]
[WhiteElo "1889"]
[BlackElo "1788"]
[PlyCount "78"]
[EventDate "2021.10.28"]
[EventRounds "11"]
[EventCountry "BRA"]

1. Nf3 d5 2. d4 Nf6 3. g3 Bf5 4. Bg2 e6 5. O-O h6 6. b3 Bd6 7. Bb2 O-O 8. Nbd2
Nbd7 9. c4 c6 10. c5 Bc7 11. b4 a6 12. Re1 Re8 13. Nh4 Bh7 14. f4 Ne4 15. Bxe4
dxe4 16. Ng2 Nf6 17. Ne3 Nd5 18. Qb3 h5 19. Nxd5 exd5 20. e3 Qd7 21. Qd1 Qh3
22. Qe2 Bf5 23. Qg2 Qg4 24. Kf2 h4 25. Rg1 h3 26. Qf1 Qh5 27. Qd1 Bg4 28. Qb3
g5 29. fxg5 Qxg5 30. Raf1 Re6 31. Ke1 a5 32. a3 axb4 33. axb4 Ra2 34. Rf4 Bxf4
35. exf4 Rxb2 36. Qxb2 Qf5 37. Rf1 e3 38. Nf3 Qd3 39. Rg1 Bxf3  0-1

[Event "87o Campeonato Brasileiro Absoluto Final Aberta"]
[Site "Cuiaba MT"]
[Date "2021.11.01"]
[Round "7"]
[Board "58"]
[White "Fontoura, Alexandre Souza"]
[Black "Franca Junior, Jairo"]
[Result "0-1"]
[WhiteElo "1873"]
[BlackElo "1755"]
[PlyCount "60"]
[EventDate "2021.10.28"]
[EventRounds "11"]
[EventCountry "BRA"]

1. e4 c5 2. Nc3 d6 3. d4 cxd4 4. Qxd4 Nc6 5. Qd2 Nf6 6. b3 e6 7. Bb2 a6 8.
O-O-O Be7 9. Kb1 Qc7 10. f4 b5 11. a3 O-O 12. Nf3 b4 13. axb4 Nxb4 14. Nd4 Bb7
15. Bd3 Rfc8 16. f5 e5 17. Nf3 Qa5 18. Rhe1 Bc6 19. Bc4 Bb5 20. Bd5 Nfxd5 21.
exd5 e4 22. Rxe4 Bf6 23. Nd4 Ra7 24. Rde1 h6 25. Ndxb5 axb5 26. Re8+ Rxe8 27.
Rxe8+ Kh7 28. Rb8 Nxd5 29. b4 Nxc3+ 30. Bxc3 Qxb4+  0-1

[Event "87o Campeonato Brasileiro Absoluto Final Aberta"]
[Site "Cuiaba MT"]
[Date "2021.11.01"]
[Round "7"]
[Board "59"]
[White "Urquiza, Marcello De Albuquerque"]
[Black "Da Silva, Erick Feitosa"]
[Result "1-0"]
[WhiteElo "2093"]
[BlackElo "1765"]
[PlyCount "105"]
[EventDate "2021.10.28"]
[EventRounds "11"]
[EventCountry "BRA"]

1. e4 e5 2. Nf3 Nc6 3. d4 exd4 4. Nxd4 Nf6 5. Nc3 Bb4 6. Nxc6 bxc6 7. Bd3 d5 8.
exd5 cxd5 9. O-O O-O 10. Bg5 c6 11. Na4 h6 12. Bh4 Re8 13. c3 Bf8 14. b4 g5 15.
Bg3 Ne4 16. Bxe4 dxe4 17. Qe2 a5 18. Rfd1 Qf6 19. Nc5 Bxc5 20. bxc5 Qxc3 21.
Rac1 Qf6 22. Rd6 Re6 23. Rcd1 Ba6 24. Qxe4 Rxe4 25. Rxf6 Rae8 26. f3 R4e6 27.
Rxe6 Rxe6 28. Rd8+ Kh7 29. Ra8 Bc4 30. Rxa5 Re2 31. a4 Ra2 32. Ra8 f5 33. Be5
Re2 34. f4 Re1+ 35. Kf2 Re2+ 36. Kg1 Re1+ 37. Kf2 Re2+ 38. Kf3 g4+ 39. Kg3 Bd5
40. Ra7+ Kg8 41. Kh4 Rxg2 42. Kh5 Rxh2+ 43. Kg6 Kf8 44. Bf6 Ke8 45. Re7+ Kf8
46. Ra7 Ke8 47. Re7+ Kf8 48. Rd7 Re2 49. a5 g3 50. a6 g2 51. Rd8+ Re8 52. Rxe8+
Kxe8 53. Bd4  1-0

[Event "87o Campeonato Brasileiro Absoluto Final Aberta"]
[Site "Cuiaba MT"]
[Date "2021.11.01"]
[Round "7"]
[Board "60"]
[White "De Oliveira, Aquiles Machado"]
[Black "Messias, Jose Vitor Lamosa Prado"]
[Result "1-0"]
[WhiteElo "2059"]
[BlackElo "1762"]
[PlyCount "95"]
[EventDate "2021.10.28"]
[EventRounds "11"]
[EventCountry "BRA"]

1. e4 c5 2. Nc3 Nc6 3. g3 d6 4. Bg2 Nf6 5. h3 e6 6. f4 a6 7. d3 Qc7 8. Nf3 b5
9. O-O Bb7 10. Be3 Be7 11. Qd2 O-O 12. Qf2 Rfd8 13. g4 Rac8 14. g5 Nh5 15. Qh4
g6 16. Nh2 Nb4 17. Rf2 d5 18. Bc1 d4 19. Nd1 c4 20. Bf1 cxd3 21. cxd3 Nc2 22.
Rb1 Bb4 23. Be2 Ng7 24. Ng4 Ne8 25. Nh6+ Kh8 26. Rf1 Bxe4 27. dxe4 d3 28. Bxd3
Rxd3 29. Nf2 Nd4 30. Nxd3 Qc2 31. Nxb4 Qxb1 32. Qf2 Qxe4 33. Be3 Rc4 34. Bxd4+
Rxd4 35. Nc2 Rc4 36. Ne3 Rc7 37. Rd1 Kg7 38. Rd8 Rc1+ 39. Nf1 Kf8 40. Qd4 Rxf1+
41. Kxf1 Qf3+ 42. Ke1 Qh1+ 43. Kd2 Qg2+ 44. Kc1 Qf1+ 45. Kc2 Qe2+ 46. Kb3 Qf3+
47. Qc3 Qf2 48. Qh8+  1-0

[Event "87o Campeonato Brasileiro Absoluto Final Aberta"]
[Site "Cuiaba MT"]
[Date "2021.11.01"]
[Round "7"]
[Board "61"]
[White "De Andrade, Dalson Holanda Caval"]
[Black "Correa, Joao Pedro Vieira"]
[Result "0-1"]
[WhiteElo "2000"]
[BlackElo "1750"]
[PlyCount "59"]
[EventDate "2021.10.28"]
[EventRounds "11"]
[EventCountry "BRA"]

1. d4 Nf6 2. Bf4 e6 3. e3 b6 4. Nf3 Bb7 5. h3 Be7 6. Bd3 O-O 7. O-O c5 8. c3 d6
9. Nbd2 Nbd7 10. Qe2 Nd5 11. Bg3 cxd4 12. exd4 N7f6 13. a4 Nh5 14. Bc2 Nxg3 15.
fxg3 Qc7 16. Ne4 a5 17. Bd3 h6 18. Nfd2 Rad8 19. Nc4 f5 20. Ned2 Bf6 21. Na3
Bc6 22. Nb5 Bxb5 23. Bxb5 Rf7 24. Bd3 g6 25. g4 Kg7 26. Rae1 Bh4 27. Rc1 Bg5
28. Ra1 Nf4 29. Qf3 fxg4 30. hxg4 {ilegÃƒ^^vel}  0-1